Marcx's legancy in 21 'st century / (Record no. 37305)

MARC details
000 -LEADER
fixed length control field 00653nam a22001937a 4500
005 - DATE AND TIME OF LATEST TRANSACTION
control field 20100723103140.0
010 ## - LCCN (DPL NO)
LC control number ENG-96489
020 ## - INTERNATIONAL STANDARD BOOK NUMBER
International Standard Book Number 97881700721881
Terms of availability 150.00
035 ## - SYSTEM CONTROL NUMBER
System control number EN-80022
037 ## - SOURCE OF ACQUISITION
Source of stock number/acquisition DBAD/PUB
082 ## - DEWEY DECIMAL CLASSIFICATION NUMBER
Classification number 335.4
100 ## - MAIN ENTRY--PERSONAL NAME
Personal name Kar, Samit
245 ## - TITLE STATEMENT
Title Marcx's legancy in 21 'st century /
Statement of responsibility, etc by Kar Samit
260 ## - PUBLICATION, DISTRIBUTION, ETC. (IMPRINT)
Place of publication, distribution, etc New Delhi
Name of publisher, distributor, etc People's Publishing House
Date of publication, distribution, etc 2010
270 ## - ADDRESS
Address 5 E,Rani Jhasi road
City New Delhi
Postal code 110055
300 ## - PHYSICAL DESCRIPTION
Extent 126p.
Dimensions 22cm(Hb)
942 ## - ADDED ENTRY ELEMENTS (KOHA)
Source of classification or shelving scheme Dewey Decimal Classification
Item type English Books
Call number suffix KAR
Classification part 335.4
Holdings
Withdrawn status Lost status Not for loan Collection code Home library Current library Date acquired Source of acquisition Cost, normal purchase price Full call number Barcode Copy number Cost, replacement price Koha item type
    Not For Loan Non-fiction D.B.Act.Division D.B.Act.Division 23/07/2010 DBAD/PUB 150.00 KAR EN-80022 1 150.00 English Books

© Delhi Public Library
Hit Counter
free hit counter